Ubuntu Serwer /

Guardado en:
Detalles Bibliográficos
Autor principal: Hill, Benjamin Mako (1980- )
Otros Autores: Rankin, Kyle, Górczyński, Robert (Tłumaczenie)
Formato: Libro
Lenguaje:polaco
inglés
Publicado: Gliwice : Helion, cop. 2011.
Edición:Wyd. 2.
Colección:Oficjalny Podręcznik
Materias:
Etiquetas: Agregar Etiqueta
Sin Etiquetas, Sea el primero en etiquetar este registro!

MARC

LEADER 00000cam a2200000 i 4500
001 9910830007105606
005 20260515100513.0
008 111007s2011 pl a f f |001 0 pol c
009 b0000010492575
020 |a 9788324633005 
035 |a 1049250-48omnis_uja 
035 |a (UJ)vtls001049250 
035 |a xx002196619 
035 |a (PL)b0000010492575 
040 |a KR U  |c KR U 
041 1 |a pol  |h eng 
100 1 |a Hill, Benjamin Mako  |d (1980- ) 
245 1 0 |a Ubuntu Serwer /  |c Benjamin Hill, Kyle Rankin ; [tł. Robert Górczyński]. 
246 1 |i Tyt. oryg.:  |a Official Ubuntu Server book 
250 |a Wyd. 2. 
260 |a Gliwice :  |b Helion,  |c cop. 2011. 
300 |a 478 s. :  |b il. ;  |c 23 cm. 
336 |a Tekst  |b txt  |2 rdacontent 
337 |a Bez urządzenia pośredniczącego  |b n  |2 rdamedia 
338 |a Wolumin  |b nc  |2 rdacarrier 
380 |a Książki 
380 |a Publikacje dydaktyczne 
385 |m Poziom nauczania  |a Szkoły wyższe 
490 1 |a Oficjalny Podręcznik 
500 |a Na s. tyt. i okł.: Wyd. 2. Oznaczenie wynika z dosłownego przekładu oryginału z zachowaniem szaty graficznej i jej oznaczeń. 
500 |a Na okł.: Najlepszy podręcznik dla systemu Ubuntu Serwer! Jak zainstalować Ubuntu Serwer? Jak wykonywać typowe zadania administracyjne? Jak zwiększyć odporność systemu na awarie? 
504 |a Indeks. 
650 |a Ubuntu Linux (system operacyjny)  |v podręczniki. 
650 |a Systemy operacyjne (informatyka)  |v podręczniki. 
650 |a Linux (oprogramowanie)  |v podręczniki. 
650 7 |a Systemy operacyjne  |2 DBN 
650 7 |a Administracja systemem  |2 DBN 
650 7 |a Programy komputerowe  |2 DBN 
655 7 |a Podręcznik  |2 DBN 
700 1 |a Rankin, Kyle 
700 1 |a Górczyński, Robert.  |e Tłumaczenie 
710 2 |a Helion  |4 pbl 
830 0 |a Oficjalny Podręcznik 
942 |2 ddc  |c BK  |n 0 
952 |0 0  |1 0  |2 ddc  |4 0  |6 W__12_000000000000000  |7 0  |9 10  |a WRO  |b WRO  |d 2026-04-10  |e da  |g 10.00  |i WRO-012  |l 1  |o W.12  |p 2000100000120  |r 2026-04-16 07:30:18  |s 2026-04-16  |v 10.00  |w 2026-04-10  |y BK 
999 |c 10  |d 10